Twenty One Pilots - Trench Album - Statistiques

Statistiques générales
  • Ce quiz a été pris 169 fois
  • Le résultat moyen est 11 sur 14
Statistiques - réponses
TItles % Correct
1 Jumpsuit
94%
5 Chlorine
88%
2 Levitate
86%
9 Nico and the Niners
84%
4 My blood
81%
11 Bandito
79%
14 Leave the City
78%
12 Pet Cheetah
77%
13 Legend
76%
7 Neon Gravestones
75%
8 The Hype
75%
3 Morph
74%
10 Cut my Lip
73%
6 Smithereens
70%
Aucun quiz correspondant
Distribution des résultats
% des personnes avec chaque résultat
Percentile par nombre de réponses
Votre historique - résultats
Vous n’avez pas pris ce quiz